000 00356nam a2200145 i 4500
001 bg
100 1 _aZADECKI, Janusz
245 0 _aPłynność kadr w budownictwie /
_cJanusz Zadecki, Jan Distuba.
260 _aWarszawa,
_c1977.
700 1 _aDISTUBA, Jan
040 _cBPK
041 _apol
942 _cKS
008 s pl f |000 0 pol
999 _c27869
_d27869
856 _uhttp://koha.tu.koszalin.pl/cgi-bin/koha/opac-detail.pl?biblionumber=27869
_yKatalog online BPK